Gregory Ignatius Zatkovich papers, (Record no. 42791)
[ view plain ]
| 000 -LEADER | |
|---|---|
| fixed length control field | 01466cpcaa22003137a 4500 |
| 001 - CONTROL NUMBER | |
| control field | mm 80005646 |
| 003 - CONTROL NUMBER IDENTIFIER | |
| control field | DLC |
| 005 - DATE AND TIME OF LATEST TRANSACTION | |
| control field | 20260227111703.0 |
| 008 - FIXED-LENGTH DATA ELEMENTS--GENERAL INFORMATION | |
| fixed length control field | 800204|||||||||||| eng |
| 010 ## - LIBRARY OF CONGRESS CONTROL NUMBER | |
| LC control number | mm 80005646 |
| 040 ## - CATALOGING SOURCE | |
| Original cataloging agency | DLC |
| Transcribing agency | DLC |
| Modifying agency | DLC |
| Description conventions | dacs |
| 072 #7 - SUBJECT CATEGORY CODE | |
| Subject category code | R |
| Source | lcmd |
| 100 1# - MAIN ENTRY--PERSONAL NAME | |
| Personal name | Zatkovich, Gregory Ignatius, |
| Dates associated with a name | 1886?-1967. |
| 245 00 - TITLE STATEMENT | |
| Title | Gregory Ignatius Zatkovich papers, |
| Inclusive dates | 1918-1919. |
| 300 ## - PHYSICAL DESCRIPTION | |
| Extent | 3 |
| Type of unit | items. |
| 506 0# - RESTRICTIONS ON ACCESS NOTE | |
| Terms governing access | Open to research. |
| 506 ## - RESTRICTIONS ON ACCESS NOTE | |
| Terms governing access | Restrictions may apply to unprocessed material. |
| 520 8# - SUMMARY, ETC. | |
| Summary, etc. | Declaration of Common Aims of the Independent Mid-European Nations adopted on October 26th, 1918, Independence Hall, Philadelphia, Pa., signed by representatives of those countries including Zatkovich and T. G. Masaryk. Includes printed histories of Ruthenia, Czechoslovakia (Sub-Carpathian Ruthenia). |
| 545 0# - BIOGRAPHICAL OR HISTORICAL DATA | |
| Biographical or historical data | Lawyer and governor of Ruthenia, Czechoslovakia. |
| 546 ## - LANGUAGE NOTE | |
| Language note | Collection material in English. |
| 580 ## - LINKING ENTRY COMPLEXITY NOTE | |
| Linking entry complexity note | Forms part of: Miscellaneous Manuscripts collection. |
| 600 10 - SUBJECT ADDED ENTRY--PERSONAL NAME | |
| Personal name | Masaryk, T. G. |
| Fuller form of name | (Tomáš Garrigue), |
| Dates associated with a name | 1850-1937. |
| 650 #0 - SUBJECT ADDED ENTRY--TOPICAL TERM | |
| Topical term or geographic name entry element | World War, 1914-1918 |
| General subdivision | Diplomatic history. |
| 651 #0 - SUBJECT ADDED ENTRY--GEOGRAPHIC NAME | |
| Geographic name | Ruthenia (Czechoslovakia) |
| General subdivision | History. |
| 656 #7 - INDEX TERM--OCCUPATION | |
| Occupation | Governors |
| Geographic subdivision | Czechoslovakia |
| -- | Ruthenia. |
| Source of term | itoamc |
| 656 #7 - INDEX TERM--OCCUPATION | |
| Occupation | Lawyers. |
| Source of term | itoamc |
No items available.